000 01073nas a2200313 4500
001 BR8711927
003 BR-BrBNA
005 20231205091012.0
007 ta
008 230509b bl.|||p| |||| 00| 00por d
040 _aBR-BrBNA
_bpor
_cBiblioteca Nacional de Agricultura
041 _a(Pt)
072 _aH20; H10
100 1 _aRossetto, C.J.
100 1 _aLourencao, A.L.
100 1 _aEspironelo, A.
100 1 _aIgue, T.
100 1 _aRibeiro, I.J.A.
245 1 _aOcorrencia do complexo Carpophilus humeralis (Fabricius)- Ceratocystis, paradoxa (De Seynes)Moreau em cana-de-acucar no Estado de Sao Paulo
246 1 _aOccurrence of the complex Carpophilus humeralis (Fabricius)- Ceratocystis paradoxa (De Seynes)Moreau in sugar cane in the state of Sao Paulo, Brazil
650 _aCANA DE ACUCAR
650 _aPODRIDAO
650 _aBESOURO
650 _aVETOR
650 _aSAO PAULO
773 0 _tBragantia (Brazil)
_xISSN 0006-8705
_g(1986), v. 45(1) p. 171-178
_wBR8711927
909 _a202311
_bLúcia
_c55
_dLúcia Elande
942 _2AGRIS
_n0
_cANA
999 _c122149
_d122149